00579cam a22002291 4500001001300000003000400013005001700017008004100034010001700075020000800092025001600100035002000116040002600136042001200162050001700174100003600191245001800227260005100245300002100296500001500317999001700332sa 68000288 DLC20260227112422.0941010q19581959np 000 1 newo  asa 68000288  cRe1 aPL480:N-249 a(OCoLC)31253479 aDLCcCUdCUdTxUdDLC apremarc00aAC125.N4bK31 aKasā, Premabahādura,d1918-10aNhūpukhū. aKāntipura :bCvasā Pāsā ;c[1958 or 9] a4, 43 p.c19 cm. aIn Newari. c77096d77096